[Event "S60041 Winter Series"]
[Site "CCLA"]
[Date "2016.01.28"]
[Round "?"]
[White "Anderson, Clarence"]
[Black "Zarges, Ron V."]
[Result "1-0"]
[WhiteElo "1853"]
[BlackElo "1655"]

1. e4 c5 2. Nf3 e6 3. d4 cxd4 4. Nxd4 a6 5. Bd3 Nf6 6. O-O d6 7. f4 Be7 8.
 Nc3 O-O 9. Kh1 Qc7 10. Qe1 e5 11. Nf3 Nbd7 12. fxe5 dxe5 13. Nh4 Nc5 14. 
Bg5 Nxd3 15. cxd3 Be6 16. Nf5 Bxf5 17. Rxf5 Rae8 18. Bxf6 Bxf6 19. Nd5 Qd8
20. Nxf6+ gxf6 21. Qh4 Kg7 22. Raf1 Re6 23. Rh5 Rh8 24. Rf3 Kf8 25. Rxh7 
Rxh7 26. Qxh7 Ke7 27. h4 Qf8 28. Rg3 Kd6 29. Rg7 Qc8 30. Rxf7 Qc1+ 31. Kh2
Qf4+ 32. Kh3 Qe3+ 33. g3 Qf2 34. Rd7+ 1-0

[Event "S60041 Winter Series"]
[Site "CCLA"]
[Date "2016.01.28"]
[Round "?"]
[White "Strelecky, Rich"]
[Black "Zarges, Ron V."]
[Result "1/2-1/2"]
[WhiteElo "1652"]
[BlackElo "1655"]

1. e4 c5 2. Nf3 e6 3. d4 cxd4 4. Nxd4 a6 5. Bd3 Nf6 6. O-O d6 7. c4 Be7 8.
 Nc3 O-O 9. Be3 Nbd7 10. Rc1 Re8 11. a3 Ne5 12. h3 b6 13. Re1 Nxd3 14. 
Qxd3 Bb7 15. f3 d5 16. cxd5 exd5 17. e5 Nd7 18. e6 Nf6 19. exf7+ Kxf7 20. 
Ne6 Qd6 21. Bf4 Qd7 22. Nc7 Bc5+ 23. Kh2 Rxe1 24. Rxe1 Rd8 25. Nxa6 Bf2 
26. Re2 Bc5 27. Nxc5 bxc5 28. Qb5 d4 29. Qxd7+ Rxd7 30. Nd1 d3 31. Rd2 c4 
32. Nc3 Ba6 33. g4 1/2-1/2

[Event "S60041 Winter Series"]
[Site "CCLA"]
[Date "2016.01.28"]
[Round "?"]
[White "Catania, Duane"]
[Black "Shannon, Paul D."]
[Result "0-1"]
[WhiteElo "1779"]
[BlackElo "1828"]

1. e4 e6 2. d4 c5 3. Nf3 cxd4 4. Nxd4 Nc6 5. c3 a6 6. Be2 Nf6 7. Nxc6 bxc6
8. Bf3 Qc7 9. O-O Be7 10. Re1 O-O 11. Bg5 h6 12. Bh4 e5 13. Nd2 d6 14. Nf1
Be6 15. Ne3 Rfb8 16. Bxf6 Bxf6 17. Re2 Be7 18. Rd2 a5 19. Nf5 Bxf5 20. 
exf5 d5 21. g3 e4 22. Bg2 Qe5 23. Qg4 Bc5 24. Kh1 Ra7 25. f4 Qf6 26. Rad1 
Rab7 27. Rb1 a4 28. a3 Bxa3 29. Qe2 Qxf5 30. Ra1 Bxb2 31. Rxa4 Bxc3 32. 
Rd1 Rb1 0-1

[Event "S60089 Premier Quad"]
[Site "CCLA"]
[Date "2016.02.12"]
[Round "?"]
[White "Haase, F. Philip"]
[Black "Petty, Kirk D."]
[Result "1-0"]
[WhiteElo "1959"]
[BlackElo "1734"]

1. e4 c5 2. Nf3 Nc6 3. Nc3 e6 4. d4 cxd4 5. Nxd4 Nf6 6. a3 Be7 7. Be2 O-O 
8. Be3 d6 9. O-O a6 10. f4 Qc7 11. Qe1 d5 12. exd5 Nxd5 13. Nxd5 1-0

[Event "S60189 Regular Quad"]
[Site "CCLA"]
[Date "2016.07.31"]
[Round "?"]
[White "Berger, Byron"]
[Black "Acosta, Errol"]
[Result "1-0"]
[WhiteElo "1489"]
[BlackElo "1490"]

1. Nc3 e6 2. e4 c5 3. Nf3 Nc6 4. d4 cxd4 5. Nxd4 Nf6 6. Nxc6 bxc6 7. e5 
Nd5 8. Ne4 Be7 9. c4 Nc7 10. Be3 Ba6 11. Nd6+ Bxd6 12. exd6 O-O 13. dxc7 
Qxc7 14. Be2 d5 15. cxd5 Bxe2 16. Qxe2 cxd5 17. O-O Qe5 18. Rfe1 Rab8 19. 
Bxa7 Qxe2 20. Rxe2 Rb7 21. Bd4 Rc8 22. Ree1 h6 23. Rec1 Rxc1+ 24. Rxc1 Kh7
25. a4 Rb4 26. Bc3 Rxa4 27. Kf1 f6 28. b3 Ra3 29. b4 Rb3 30. Ke2 d4 31. 
Be1 e5 32. Kd1 Kg6 33. Kc2 Ra3 34. b5 d3+ 35. Kb2 Ra8 36. b6 Rb8 37. Ba5 
Kf5 38. Rc7 Rd8 39. Kc1 Ra8 40. b7 Rxa5 41. b8=Q 1-0

[Event "S60269 Regular Quad"]
[Site "CCLA"]
[Date "2016.08.12"]
[Round "?"]
[White "Jimenez, Rachel"]
[Black "Acosta, Errol"]
[Result "1-0"]
[WhiteElo "1366"]
[BlackElo "1490"]

1. e4 e6 2. Nf3 c5 3. d4 cxd4 4. Nxd4 Nc6 5. Nc3 Nf6 6. Ndb5 d5 7. exd5 
exd5 8. Bf4 a6 9. Nc7+ Kd7 10. N3xd5 Nxd5 11. Qxd5+ Ke7 12. Qxd8+ Nxd8 13.
 Nxa8 Nc6 14. Nc7 Be6 15. Nxe6 fxe6 16. Bg5+ Kf7 17. O-O-O Be7 18. Bxe7 
Kxe7 19. Bc4 Rf8 20. Rhe1 Rxf2 21. Bxe6 Kf6 22. Rd6 Na7 23. Bh3+ 1-0

[Event "S60031 Winter Series"]
[Site "CCLA"]
[Date "2016.01.28"]
[Round "?"]
[White "Evans, Stanley W."]
[Black "Abbey, William"]
[Result "0-1"]
[WhiteElo "1882"]
[BlackElo "2062"]

1. e4 c5 2. Nf3 e6 3. d4 cxd4 4. Nxd4 Nc6 5. Nc3 Qc7 6. g3 a6 7. Bg2 Nf6 
8. O-O h5 9. Re1 Nxd4 10. Qxd4 Bc5 11. Bf4 d6 12. Qd2 Ng4 13. Re2 e5 14. 
Nd5 Qd8 15. Bg5 f6 16. Be3 Nxe3 17. Nxe3 a5 18. Rd1 Be6 19. a3 a4 20. h4 
Qd7 21. Kh2 O-O-O 22. Nd5 Kb8 23. Rb1 Rdf8 24. f4 Bxd5 25. exd5 exf4 26. 
Qxf4 g5 27. Qd2 Rhg8 28. Bh3 Qg7 29. Rbe1 gxh4 30. gxh4 Qg3+ 0-1

[Event "S60279 Premier Quad"]
[Site "CCLA"]
[Date "2017.01.07"]
[Round "?"]
[White "Thomas, Gerald K."]
[Black "Shannon, Paul D."]
[Result "0-1"]
[WhiteElo "1901"]
[BlackElo "1828"]

1. e4 e6 2. d4 c5 3. Nf3 cxd4 4. Nxd4 Nc6 5. Nc3 a6 6. Be2 Qc7 7. Nf3 Nf6 
8. Bg5 Be7 9. O-O b5 10. a3 Bb7 11. Bh4 O-O 12. Bg3 d6 13. Qd2 Rfd8 14. 
Rfd1 Nh5 15. Bh4 Bxh4 16. Nxh4 Nf6 17. Qe3 Ne5 18. h3 Nc4 19. Bxc4 Qxc4 
20. Rd4 Qc7 21. Nf3 h6 22. Rad1 d5 23. e5 Nd7 24. b4 Rdc8 25. R1d3 Kh7 26.
 Rh4 Nf8 27. Rhd4 Bc6 28. Ne2 Be8 29. Rc3 Qd8 30. Rh4 Ng6 31. Rxc8 Rxc8 
32. Qd3 Rc4 33. Rxc4 bxc4 34. Qc3 Qb8 35. Qd4 Ba4 36. Ne1 Qxe5 37. Qxe5 
Nxe5 38. Nf4 g5 39. Ne2 Kg6 40. Nd4 Kf6 41. c3 Nd3 42. Nxd3 cxd3 43. Nf3 
e5 44. Kf1 e4 45. Nd2 Ke5 46. Ke1 f5 47. Nf1 f4 48. Kd2 Bb5 49. Kc1 d4 50.
 cxd4+ Kxd4 51. Nd2 e3 52. fxe3+ fxe3 53. Nb3+ Kc3 54. Nc5 d2+ 55. Kd1 e2#
0-1

[Event "S67029 Gustafson Memorial Open"]
[Site "CCLA"]
[Date "2016.11.20"]
[Round "?"]
[White "Quanzaah, Emmanuel"]
[Black "Jones, Jan"]
[Result "1-0"]
[WhiteElo "2163"]
[BlackElo "2204"]

1. e4 c5 2. Nf3 e6 3. d4 cxd4 4. Nxd4 Nc6 5. Nc3 Qc7 6. Be3 a6 7. Qd2 Nf6 
8. O-O-O Bb4 9. f3 O-O 10. g4 b5 11. g5 Nh5 12. Kb1 Bb7 13. a3 Be7 14. Nb3
d6 15. f4 g6 16. Be2 Ng7 17. h4 d5 18. exd5 Rad8 19. Nc5 Bc8 20. h5 b4 21.
 hxg6 fxg6 22. Bg4 bxc3 23. Qh2 h5 24. gxh6 Nf5 25. Bxf5 Rxf5 26. Rdg1 g5 
27. dxc6 Bxc5 28. Bxc5 Rxc5 29. Qf2 1-0

[Event "S60201 Summer Series"]
[Site "CCLA"]
[Date "2016.07.31"]
[Round "?"]
[White "Clancey, James"]
[Black "Quirk, Michael"]
[Result "0-1"]
[WhiteElo "2039"]
[BlackElo "2166"]

1. e4 c5 2. Nf3 e6 3. d4 cxd4 4. Nxd4 Nc6 5. Nc3 Qc7 6. Be3 a6 7. Qd2 Nf6 
8. O-O-O Be7 9. f3 b5 10. g4 Nxd4 11. Qxd4 Bb7 12. g5 Nh5 13. a3 Rc8 14. 
Kb1 Bc5 15. Qd2 Bxe3 16. Qxe3 O-O 17. Bd3 Rfd8 18. e5 d6 19. exd6 Rxd6 20.
 Rhf1 Rcd8 21. Ne2 R6d7 22. f4 a5 23. Rde1 b4 24. f5 e5 25. Nf4 Nxf4 26. 
Rxf4 e4 27. axb4 axb4 28. Rxe4 Bxe4 29. Qxe4 Qb8 30. g6 Kh8 31. gxf7 Rxf7 
32. f6 gxf6 33. Bc4 Ra7 34. Qf3 Qd6 35. Rf1 f5 36. b3 Qe5 0-1

[Event "S67029 Gustafson Memorial Open"]
[Site "CCLA"]
[Date "2016.11.20"]
[Round "?"]
[White "Gredescul, Andrea"]
[Black "Jones, Jan"]
[Result "1/2-1/2"]
[WhiteElo "2166"]
[BlackElo "2204"]

1. e4 c5 2. Nf3 e6 3. d4 cxd4 4. Nxd4 Nc6 5. Nc3 Qc7 6. Be3 a6 7. Be2 Nf6 
8. O-O Bb4 9. Na4 O-O 10. Nxc6 bxc6 11. Nb6 Rb8 12. Nxc8 Rfxc8 13. Bxa6 
Rf8 14. Bd3 Bd6 15. f4 e5 16. f5 Rxb2 17. g4 Qa5 18. Kh1 Bc5 19. Bxc5 Qxc5
20. g5 Ne8 21. a4 d5 22. Qc1 Qc3 23. a5 dxe4 24. Bxe4 Nd6 25. Bg2 Rxc2 26.
 Qe1 Qb2 27. Rb1 Qd4 28. g6 hxg6 29. fxg6 Qg4 30. gxf7+ Rxf7 31. Qg3 Rxf1+
32. Bxf1 Qe4+ 33. Kg1 Ra2 34. Rd1 Nf7 35. a6 Qc2 36. Re1 Qc5+ 37. Kh1 
1/2-1/2

[Event "S60169 Server NA Class D Ch"]
[Site "CCLA"]
[Date "2016.05.12"]
[Round "?"]
[White "Williams, Rufus H."]
[Black "Simonson, Jay"]
[Result "1-0"]
[WhiteElo "1326"]
[BlackElo "1309"]

1. e4 c5 2. Bc4 d6 3. Nf3 Nf6 4. d3 Bg4 5. h3 Bxf3 6. Qxf3 e6 7. Nc3 Nc6 
8. a3 Nd4 9. Qg3 Nxc2+ 10. Kf1 Nxa1 11. f3 Nh5 12. Qg4 g6 13. f4 Qf6 14. 
Ke2 Nc2 15. Bb5+ Ke7 16. Nd5+ Kd8 17. Nxf6 Nxf6 18. Qg3 Nd4+ 19. Kf1 Nxb5 
20. Be3 Be7 21. Kf2 Nh5 22. Qg4 f5 23. exf5 exf5 24. Qd1 Bh4+ 25. Kf3 Re8 
26. Qb3 Nd4+ 27. Bxd4 cxd4 28. g3 Bxg3 29. Rc1 Bxf4 30. Qxb7 Re3+ 31. Kf2 
Bg3+ 32. Kg1 Re2 33. Qxa8+ Kd7 34. Qc8+ Ke7 35. Rc7+ Kf6 36. Qd8+ Ke5 37. 
Qe8+ Kf4 38. Qxe2 Kg5 39. Rxh7 Nf4 40. Qf3 Bh4 41. Rxa7 d5 42. a4 Nh5 43. 
a5 f4 44. a6 Kh6 45. Rb7 Bd8 46. a7 1-0

[Event "S60201 Summer Series"]
[Site "CCLA"]
[Date "2016.07.31"]
[Round "?"]
[White "Traxler, Alex"]
[Black "Lehr, Mark"]
[Result "0-1"]
[WhiteElo "2137"]
[BlackElo "2129"]
[Termination "abandoned"]

1. e4 c5 2. Nc3 d6 3. Nf3 Nc6 4. Bc4 g6 5. Ng5 e6 6. Nf3 Bg7 7. O-O Nge7 
8. d3 O-O 9. Bg5 h6 10. Bf4 g5 11. Bc1 f5 12. Bd2 d5 13. exd5 exd5 0-1

[Event "S60071 Winter Series"]
[Site "CCLA"]
[Date "2016.01.28"]
[Round "?"]
[White "Rietema, Alexander"]
[Black "Bearce, Harold L."]
[Result "1-0"]
[WhiteElo "1318"]
[BlackElo "1032"]

1. e4 c5 2. Nf3 d6 3. Nc3 e6 4. Be2 Be7 5. O-O Nf6 6. d4 O-O 7. dxc5 dxc5 
8. Bg5 Qc7 9. h3 b6 10. Bd3 Bb7 11. Re1 Nc6 12. a3 Rad8 13. Qe2 Rd7 14. 
Bxf6 Bxf6 15. Qd2 Rd6 16. Nb5 1-0

[Event "S60021 Winter Series"]
[Site "CCLA"]
[Date "2016.01.28"]
[Round "?"]
[White "Sereni, Vincent T."]
[Black "Jarmuz, Frederick"]
[Result "1/2-1/2"]
[WhiteElo "2107"]
[BlackElo "1965"]

1. e4 c5 2. Nf3 d6 3. Bb5+ Nc6 4. d4 cxd4 5. Nxd4 Bd7 6. Nc3 Nf6 7. O-O g6
8. Be3 Bg7 9. f3 O-O 10. Nxc6 bxc6 11. Bc4 Qc7 12. Qe2 e6 13. Bb3 Rfb8 14.
 Rad1 a5 15. Qd3 d5 16. Qd2 Bc8 17. Rfe1 Ba6 18. exd5 cxd5 19. Bf4 Qb6+ 
20. Kh1 Rd8 21. Be3 Qc7 22. Bg5 Re8 23. Be3 Nh5 24. Ba4 Reb8 25. Bb3 Be5 
26. Na4 Bxh2 27. g4 Ng3+ 28. Kg2 Rb4 29. Qf2 h5 30. Rd4 hxg4 31. Bf4 Qxf4 
32. Rxf4 Rxf4 33. Kxh2 Nf5 34. Nb6 g3+ 35. Qxg3 Nxg3 36. Kxg3 Rb8 37. Nxd5
Rc4 38. Nf6+ Kg7 39. Nd7 Rb7 40. Bxc4 Bxc4 41. Ne5 Bxa2 42. b3 Rc7 43. Re2
g5 44. Nd3 Kf6 45. Nf2 Ke7 46. Ne4 Bb1 47. Nxg5 Rc5 48. Ne4 Rxc2 49. Re1 
Ba2 50. Re3 f6 51. f4 Rc8 52. Nd2 Rd8 53. Ne4 Kf7 54. Kf3 Rd4 55. Rc3 Bb1 
56. Nc5 Rb4 57. Rc1 Rb5 58. Ke3 Ba2 59. Rc3 Ke7 60. Kd4 Bb1 61. Rc1 Bg6 
62. Ra1 Bh5 63. Rf1 Rb4+ 64. Ke3 Be8 65. Re1 Rb5 66. Rc1 f5 67. Rc3 Rb4 
68. Nd3 Re4+ 69. Kd2 Bb5 70. Ne5 Kd6 71. Rf3 Re2+ 72. Kc3 Kc5 73. Rh3 Re4 
74. Rf3 Kd5 75. Nf7 Re1 76. Kd2 Re2+ 77. Kc3 Kc5 78. Nd8 Re1 79. Kd2 Re4 
80. Kc3 Ba6 81. Rf2 Re3+ 82. Kc2 Bb5 83. Rd2 a4 84. bxa4 Bxa4+ 85. Kb2 Bb3
86. Nf7 Bd5 87. Ne5 Rb3+ 88. Kc2 Rh3 89. Kd1 Re3 90. Kc1 Re4 91. Kc2 Bc4 
92. Nd7+ Kb4 93. Rf2 Bb5 94. Ne5 Kc5 95. Kc3 Re3+ 96. Kd2 Ra3 97. Rf3 Ra2+
98. Kc3 Ra4 99. Rf2 Ra3+ 100. Kb2 Ra7 101. Kc3 Ra4 1/2-1/2

[Event "S60329 Regular Quad"]
[Site "CCLA"]
[Date "2017.01.07"]
[Round "?"]
[White "Parenteau, Mike"]
[Black "Williams, Rufus H."]
[Result "1-0"]
[WhiteElo "1618"]
[BlackElo "1375"]

1. e4 c5 2. Nf3 d6 3. Bb5+ Bd7 4. c4 Bxb5 5. cxb5 Nf6 6. Nc3 e6 7. O-O Be7
8. d4 cxd4 9. Qxd4 O-O 10. Bg5 b6 11. e5 d5 12. exf6 gxf6 13. Bh6 1-0

[Event "S60099 Regular Quad"]
[Site "CCLA"]
[Date "2016.02.14"]
[Round "?"]
[White "Catania, Duane"]
[Black "Bearce, Harold L."]
[Result "1-0"]
[WhiteElo "1779"]
[BlackElo "1032"]

1. e4 c5 2. Nf3 d6 3. Bb5+ Bd7 4. Bxd7+ Qxd7 5. c4 Nf6 6. d3 e6 7. Nc3 a6 
8. a4 Nc6 9. O-O Be7 10. Ng5 O-O 11. f4 h6 12. Nf3 e5 13. Qe1 a5 14. Be3 
Nb4 15. Rd1 b6 16. fxe5 Ne8 17. Qg3 Kh7 18. exd6 Nxd6 19. Nh4 Rg8 20. e5 
Nc8 21. Rxf7 Qe6 22. Rf3 Na7 23. Ne4 Rad8 24. Nf5 Nac6 25. Nxe7 Qxe7 26. 
Ng5+ Kh8 27. Nf7+ 1-0

[Event "S60099 Regular Quad"]
[Site "CCLA"]
[Date "2016.02.14"]
[Round "?"]
[White "Parenteau, Mike"]
[Black "Bearce, Harold L."]
[Result "1-0"]
[WhiteElo "1618"]
[BlackElo "1032"]

1. e4 c5 2. Nf3 d6 3. Bb5+ Bd7 4. Bxd7+ Qxd7 5. c4 e6 6. Nc3 Be7 7. d4 
cxd4 8. Qxd4 Nf6 9. O-O O-O 10. b3 Rd8 11. Ba3 Nc6 12. Qd3 Rac8 13. Rad1 
a6 14. Rd2 Rc7 15. Rfd1 h6 16. Qe2 Qe8 17. Rd3 Rdc8 18. R1d2 Kh8 19. Qd1 
Kg8 20. Bxd6 Bxd6 21. Rxd6 Qe7 22. e5 Ne8 23. Rd7 Rxd7 24. Rxd7 Qb4 25. 
Ne2 Nc7 26. Ng3 Kf8 27. Ne4 Na8 28. Rxf7+ Kxf7 29. Qd7+ Ne7 30. Nd6+ 1-0

[Event "S60241 Summer Series"]
[Site "CCLA"]
[Date "2016.07.31"]
[Round "?"]
[White "Selby, Robin"]
[Black "Bearce, Harold L."]
[Result "1-0"]
[WhiteElo "1226"]
[BlackElo "1032"]

1. e4 c5 2. Nf3 d6 3. Bb5+ Bd7 4. Bxd7+ Qxd7 5. O-O e6 6. b3 Nf6 7. d3 Be7
8. Nc3 O-O 9. Re1 Nc6 10. e5 dxe5 11. h3 a6 12. Nxe5 Nxe5 13. Rxe5 Rac8 
14. Rg5 b6 15. Qf3 Rcd8 16. Rg3 b5 17. Bh6 1-0

[Event "S60041 Winter Series"]
[Site "CCLA"]
[Date "2016.01.28"]
[Round "?"]
[White "Zarges, Ron V."]
[Black "Stevens, Daniel L."]
[Result "0-1"]
[WhiteElo "1655"]
[BlackElo "1743"]

1. e4 c5 2. Nf3 d6 3. Bb5+ Bd7 4. Bxd7+ Qxd7 5. O-O Nc6 6. c3 Nf6 7. d4 g6
8. d5 Ne5 9. Nxe5 dxe5 10. Qe2 Bg7 11. Nd2 O-O 12. c4 Ne8 13. b3 Nd6 14. 
Bb2 e6 15. Nf3 exd5 16. cxd5 f6 17. Rac1 Rfc8 18. a4 b5 19. Qc2 bxa4 20. 
bxa4 Rab8 21. Ba3 Rb6 22. Rb1 Ra6 23. Bxc5 Ra5 0-1

[Event "S60139 Server NA Class A Ch"]
[Site "CCLA"]
[Date "2016.05.12"]
[Round "?"]
[White "Vecchio, Ralph"]
[Black "Zaas, Joel"]
[Result "0-1"]
[WhiteElo "1839"]
[BlackElo "1924"]

1. e4 c5 2. Nf3 d6 3. d4 cxd4 4. Qxd4 Nc6 5. Bb5 Bd7 6. Bxc6 Bxc6 7. Nc3 
Nf6 8. O-O e6 9. Bg5 Be7 10. Rad1 O-O 11. e5 dxe5 12. Nxe5 Qxd4 13. Rxd4 
Rfc8 14. Rfd1 b5 15. Ng4 h5 16. Ne3 b4 17. Ne2 Bc5 18. Bxf6 gxf6 19. Rh4 
f5 20. Rxh5 Rd8 21. Rxd8+ Rxd8 22. Rg5+ Kh7 23. Rh5+ Kg7 24. Kf1 Bxe3 25. 
fxe3 Rd1+ 26. Kf2 Be4 27. g4 Rd2 28. Ke1 Rxc2 29. gxf5 Bf3 30. Rg5+ Kf6 
31. Nd4 Rc1+ 32. Kd2 Rd1+ 33. Kc2 Rxd4 34. exd4 Kxg5 35. fxe6 fxe6 36. Kb3
a5 37. Kc4 Kf5 0-1

[Event "S60241 Summer Series"]
[Site "CCLA"]
[Date "2016.07.31"]
[Round "?"]
[White "Williams, Rufus H."]
[Black "Bearce, Harold L."]
[Result "1-0"]
[WhiteElo "1375"]
[BlackElo "1032"]

1. e4 c5 2. Nf3 d6 3. d4 cxd4 4. Nxd4 e5 5. Nf3 Be7 6. Bc4 Nf6 7. Nc3 h6 
8. h3 b6 9. Nh4 O-O 10. Nd5 Nc6 11. O-O Bb7 12. Nf5 Re8 13. Nxf6+ Bxf6 14.
 Bxh6 gxh6 15. Qh5 Bh8 16. Qxf7# 1-0

[Event "S60309 Regular Quad"]
[Site "CCLA"]
[Date "2017.01.07"]
[Round "?"]
[White "Lavery, Thomas"]
[Black "Blankenship, Jerry T."]
[Result "0-1"]
[WhiteElo "1531"]
[BlackElo "1675"]

1. e4 c5 2. Nf3 d6 3. d4 cxd4 4. Nxd4 Nf6 5. Bb5+ Bd7 6. Nc3 Nc6 7. O-O e5
8. Nxc6 bxc6 9. Ba4 Be7 10. Bb3 O-O 11. Bg5 Be6 12. Bxf6 Bxf6 13. Bxe6 
fxe6 14. Rb1 Qb6 15. Na4 Qa5 16. b3 d5 17. exd5 exd5 18. Qe2 e4 0-1

[Event "S60051 Winter Series"]
[Site "CCLA"]
[Date "2016.01.28"]
[Round "?"]
[White "Wright, John"]
[Black "Greco, Tom"]
[Result "0-1"]
[WhiteElo "1608"]
[BlackElo "1668"]

1. e4 c5 2. Nf3 Nc6 3. d4 cxd4 4. Nxd4 Nf6 5. Nc3 d6 6. f3 e5 7. Nb3 Be7 
8. Be3 O-O 9. Qd2 a5 10. Bb5 Na7 11. Bd3 Nc6 12. Bb5 Na7 13. Ba4 Bd7 14. 
Bxd7 Nxd7 15. O-O-O Nf6 16. Nd5 Nxd5 17. Qxd5 b5 18. Bxa7 Rxa7 19. Qxb5 a4
20. Nd2 Ra5 21. Qc6 Qb8 22. Nc4 Rb5 23. Rd3 Rc8 0-1

[Event "S60201 Summer Series"]
[Site "CCLA"]
[Date "2016.07.31"]
[Round "?"]
[White "Clancey, James"]
[Black "Lehr, Mark"]
[Result "1/2-1/2"]
[WhiteElo "2039"]
[BlackElo "2129"]

1. e4 c5 2. Nf3 Nc6 3. d4 cxd4 4. Nxd4 Nf6 5. Nc3 d6 6. Bg5 e6 7. f4 h6 8.
 Bh4 Be7 9. Qd3 e5 10. fxe5 dxe5 11. Nxc6 bxc6 12. O-O-O Qc7 13. Kb1 Be6 
14. Be2 O-O 15. Rhf1 Qa5 16. Qa6 Qxa6 17. Bxa6 Rab8 18. Bg3 Bb4 19. Bxe5 
Rb6 20. Be2 Nd7 21. a3 Nxe5 22. axb4 Rxb4 23. b3 c5 24. Kc1 Rfb8 25. Rd6 
c4 26. Na2 R4b7 27. b4 Rc7 28. Nc3 Rxb4 29. Kd2 Rb2 30. Ra1 Kf8 31. Nd5 
Bxd5 32. Rxd5 c3+ 33. Ke3 f6 34. Bd3 Ke7 35. Rda5 Rbb7 36. Ba6 Rb4 37. Bb5
Kf8 38. Be2 Rb2 39. Bd3 Ng4+ 40. Kf3 h5 41. Rxa7 Rxa7 42. Rxa7 Nxh2+ 43. 
Ke2 g5 44. Rc7 Ng4 45. Rxc3 Rb1 46. Ba6 Rg1 47. g3 Ne5 48. Kf2 Rh1 49. Bc8
Ke7 1/2-1/2

[Event "S60169 Server NA Class D Ch"]
[Site "CCLA"]
[Date "2016.05.12"]
[Round "?"]
[White "Acebo, Brian"]
[Black "Cangelosi, Dominic"]
[Result "0-1"]
[WhiteElo "1376"]
[BlackElo "1419"]

1. e4 c5 2. Nf3 d6 3. d4 cxd4 4. Nxd4 Nf6 5. Nc3 g6 6. Bc4 e6 7. Bg5 Bg7 
8. f3 h6 9. Bh4 g5 10. Bg3 Nh5 11. Bf2 Nf4 12. Rg1 Bd7 13. Qd2 Qc7 14. Bb3
Nc6 15. O-O-O O-O-O 16. a3 Na5 17. Ba2 a6 18. Nde2 Nxe2+ 19. Qxe2 Bxc3 20.
 bxc3 Qxc3 21. Rd3 Qa1+ 22. Bb1 Bb5 23. Bd4 Qxd4 24. Rxd4 Bxe2 25. Re1 Bb5
26. Ba2 Kd7 27. Red1 Ke7 28. c3 Rd7 29. Kb2 Rc8 30. Rc1 Nc4+ 31. Bxc4 Rxc4
32. Rxc4 Bxc4 33. g4 Be2 34. Re1 Bxf3 35. h3 d5 36. exd5 Bxd5 37. Re2 Bc4 
0-1

[Event "S60159 Server NA Class C Ch"]
[Site "CCLA"]
[Date "2016.05.12"]
[Round "?"]
[White "Gunning, Edward E."]
[Black "Taylor, Bobby C."]
[Result "0-1"]
[WhiteElo "1469"]
[BlackElo "1575"]

1. e4 c5 2. Nf3 d6 3. Nc3 Nc6 4. d4 cxd4 5. Nxd4 Nf6 6. Be2 g6 7. O-O Bg7 
8. Bb5 Bd7 9. Nxc6 Bxc6 10. Qe2 O-O 11. a4 Qc7 12. Rd1 Rfd8 13. Nd5 Nxd5 
14. exd5 Bxb5 15. axb5 Re8 16. c3 b6 17. Rd3 Qc4 18. Qd1 Qxb5 19. Ra4 Qd7 
20. Rh3 Bf6 21. Rg4 e6 22. g3 exd5 23. Be3 Re4 24. Bf4 Rae8 25. Qf3 Qf5 
26. Rh6 Re1+ 27. Kg2 Qe4 28. Bg5 Rg1+ 29. Kxg1 Qxf3 0-1

[Event "S60309 Regular Quad"]
[Site "CCLA"]
[Date "2017.01.07"]
[Round "?"]
[White "Bearce, Harold L."]
[Black "Blankenship, Jerry T."]
[Result "0-1"]
[WhiteElo "1032"]
[BlackElo "1675"]

1. e4 c5 2. Nf3 d6 3. d4 cxd4 4. Nxd4 Nf6 5. Nc3 e6 6. g4 h6 7. h4 Nc6 8. 
Rg1 h5 9. Nxc6 bxc6 10. g5 Ng4 11. f3 Qb6 12. Rg2 Ne3 13. Qe2 Nxg2+ 0-1

[Event "S60299 Regular Quad"]
[Site "CCLA"]
[Date "2017.01.07"]
[Round "?"]
[White "Walsh, Patrick"]
[Black "Williams, Rufus H."]
[Result "1-0"]
[WhiteElo "1647"]
[BlackElo "1375"]

1. e4 c5 2. Nf3 d6 3. d4 cxd4 4. Nxd4 Nf6 5. Nc3 e6 6. g4 Nc6 7. g5 Ng8 8.
 Be3 Be7 9. Qd2 Nxd4 10. Qxd4 Bxg5 11. Bb5+ Kf8 12. Bxg5 f6 13. Be3 Qe7 
14. O-O-O b6 15. Bc6 e5 16. Qxd6 Qxd6 17. Rxd6 Ne7 18. Bxa8 Kf7 19. Bd5+ 
Nxd5 20. Nxd5 Ba6 21. Rg1 Bc4 22. Rd7+ Ke6 23. Rgxg7 1-0

[Event "S60289 Regular Quad"]
[Site "CCLA"]
[Date "2017.01.07"]
[Round "?"]
[White "Blankenship, Jerry T."]
[Black "Williams, Rufus H."]
[Result "0-1"]
[WhiteElo "1675"]
[BlackElo "1375"]

1. e4 c5 2. Nf3 d6 3. d4 cxd4 4. Nxd4 Nf6 5. Nc3 e6 6. Be2 e5 7. Nf3 Be7 
8. O-O O-O 9. Re1 a6 10. Bc4 Nc6 11. Nd5 Be6 12. c3 Bxd5 13. Bxd5 Nxd5 14.
 Qxd5 Bf6 15. Rd1 Be7 16. Be3 Rc8 17. Nd2 b5 18. Rac1 Kh8 19. Kh1 Qd7 20. 
Nf3 Qe6 21. Ng5 Qxd5 22. exd5 Nb8 23. Ne4 f5 24. Nd2 f4 25. Bb6 Bd8 0-1

[Event "S60289 Regular Quad"]
[Site "CCLA"]
[Date "2017.01.07"]
[Round "?"]
[White "Williams, Rufus H."]
[Black "Blankenship, Jerry T."]
[Result "1-0"]
[WhiteElo "1375"]
[BlackElo "1675"]

1. e4 c5 2. Nf3 d6 3. d4 cxd4 4. Nxd4 Nf6 5. Nc3 e6 6. Bc4 Be7 7. Be3 a6 
8. Bb3 Nc6 9. a3 O-O 10. O-O Bd7 11. Ba2 Qc7 12. b4 Nxd4 13. Qxd4 Rac8 14.
 Bd2 e5 15. Qe3 Rfd8 16. Rac1 Bc6 17. f3 d5 18. Nxd5 Nxd5 19. Bxd5 Bxd5 
20. exd5 Rxd5 21. c3 Qc4 22. Ra1 h6 23. Kh1 Bg5 24. Qe4 Qxe4 25. fxe4 1-0

[Event "S60201 Summer Series"]
[Site "CCLA"]
[Date "2016.07.31"]
[Round "?"]
[White "Traxler, Alex"]
[Black "Edwards, Ken"]
[Result "0-1"]
[WhiteElo "2137"]
[BlackElo "2287"]
[Termination "abandoned"]

1. e4 c5 2. Nc3 d6 3. Nf3 Nf6 4. Bc4 e6 5. d4 cxd4 6. Nxd4 a6 7. O-O b5 8.
 Bb3 Be7 9. Be3 O-O 10. f3 Bd7 11. Qd2 Nc6 12. a4 b4 13. Nxc6 Bxc6 0-1

[Event "S60041 Winter Series"]
[Site "CCLA"]
[Date "2016.01.28"]
[Round "?"]
[White "Evans, Stanley W."]
[Black "Stevens, Daniel L."]
[Result "1-0"]
[WhiteElo "1882"]
[BlackElo "1743"]

1. e4 c5 2. Nf3 d6 3. d4 cxd4 4. Nxd4 Nf6 5. Nc3 a6 6. h3 Nc6 7. g4 Nxd4 
8. Qxd4 e5 9. Qd3 Be7 10. g5 Nd7 11. Be3 Nc5 12. Qd2 Qa5 13. a3 Qd8 14. 
Bg2 Be6 15. O-O-O Rc8 16. Kb1 b5 17. h4 Na4 18. Nd5 Bxd5 19. exd5 f5 20. 
f4 exf4 21. Bxf4 O-O 22. Rde1 Qc7 23. h5 Rfe8 24. Bh3 Rf8 25. Rh2 Nc5 26. 
h6 g6 27. Qd4 Rf7 28. Bxf5 gxf5 29. g6 Bf6 30. gxf7+ Kxf7 31. Qd1 1-0

[Event "S60021 Winter Series"]
[Site "CCLA"]
[Date "2016.01.28"]
[Round "?"]
[White "Quirk, Michael"]
[Black "Jarmuz, Frederick"]
[Result "1-0"]
[WhiteElo "2166"]
[BlackElo "1965"]

1. e4 c5 2. Nf3 d6 3. d4 cxd4 4. Nxd4 Nf6 5. Nc3 a6 6. Be3 e5 7. Nb3 Be6 
8. f3 Be7 9. Qd2 O-O 10. O-O-O b5 11. g4 Nfd7 12. Nd5 Bxd5 13. exd5 Nb6 
14. Na5 Qc7 15. g5 Nc4 16. Nxc4 bxc4 17. Rg1 Nd7 18. Rg4 Nb6 19. Qa5 Rab8 
20. Rxc4 Qb7 21. Rb4 Bd8 22. Qxa6 Qxa6 23. Bxa6 Nxd5 24. Rxb8 Nxe3 25. 
Rxd6 Bxg5 26. Rxf8+ Kxf8 27. Kb1 Ke7 28. Rd3 Ng2 29. b4 Bf4 30. a4 Ne1 31.
 Ra3 f6 32. a5 Bxh2 33. c4 Bg1 34. c5 1-0

[Event "S67039 Gustafson Memorial Open"]
[Site "CCLA"]
[Date "2016.11.20"]
[Round "?"]
[White "Clancey, James"]
[Black "Jarmuz, Frederick"]
[Result "1/2-1/2"]
[WhiteElo "2007"]
[BlackElo "1965"]

1. e4 c5 2. Nf3 d6 3. d4 Nf6 4. Nc3 cxd4 5. Nxd4 a6 6. Bg5 e6 7. f4 h6 8. 
Bh4 Qb6 9. Qd2 Qxb2 10. Rb1 Qa3 11. e5 dxe5 12. fxe5 Nfd7 13. Ne4 Qxa2 14.
 Rd1 Qb2 15. Qe3 Bc5 16. Be2 Qa3 17. c3 Nc6 18. Nd6+ Bxd6 19. exd6 Qc5 20.
 O-O O-O 21. Qe4 Qe5 22. Qg4 Nxd4 23. Rxd4 Qe3+ 24. Bf2 Qxc3 25. Be1 Qc5 
26. Bf2 Nf6 27. Qg3 Qg5 28. Qa3 Bd7 29. Bh4 Qe5 30. Bxf6 gxf6 31. Rg4+ Kh7
32. Re4 Qxe4 33. Bd3 Qxd3 34. Qxd3+ f5 35. Qc3 Bb5 36. Rf4 Rac8 37. Qf6 
Rc1+ 38. Kf2 Rf1+ 39. Ke3 Re1+ 40. Kd2 Re2+ 41. Kd1 Rxg2 42. Rh4 Rg6 43. 
Qe7 Rg1+ 44. Kc2 Re8 45. Qxf7+ Rg7 46. Qf6 Rg6 47. Qf7+ Rg7 1/2-1/2